Pi Digits 201-300 - Statistics

General Stats
  • This quiz has been taken 1,666 times
  • The average score is 57 of 100
Answer Stats
Answer % Correct
4
100%
4
98%
2
95%
8
95%
8
93%
1
90%
0
88%
9
87%
7
86%
5
84%
6
81%
6
81%
3
78%
5
78%
9
78%
3
77%
4
77%
4
77%
6
74%
1
73%
2
72%
8
70%
4
69%
5
68%
6
68%
7
68%
4
67%
8
67%
2
66%
3
66%
3
63%
7
62%
8
62%
6
61%
7
61%
8
61%
3
60%
1
59%
0
58%
1
58%
2
58%
2
58%
5
58%
6
58%
7
58%
0
57%
1
57%
9
57%
1
56%
9
56%
4
55%
4
55%
5
55%
6
55%
8
54%
2
53%
5
53%
6
53%
6
53%
9
53%
3
52%
4
51%
6
50%
0
48%
3
47%
4
46%
1
45%
6
45%
8
45%
0
44%
4
42%
4
42%
5
42%
3
41%
2
40%
4
40%
6
40%
6
40%
8
39%
2
38%
1
37%
3
37%
3
37%
3
36%
9
36%
6
35%
0
34%
0
34%
2
34%
2
34%
4
34%
6
34%
7
34%
9
34%
1
33%
1
33%
2
33%
3
33%
4
33%
7
33%
No matching quizzes found
Score Distribution
Percent of People with Each Score
Percentile by Number Answered
Your Score History
You have not taken this quiz